[Event "LBN-ch"]
[Site "Beirut"]
[Date "2023.11.06"]
[Round "6"]
[White "Dia, Ahmad"]
[Black "Saadeddine, Adam"]
[Result "0-1"]
[WhiteElo "1429"]
[BlackElo "1434"]
[PlyCount "64"]
[EventDate "2023.10.30"]
[EventType "swiss"]
[EventRounds "9"]
[EventCountry "LBN"]
[SourceTitle "CB46_2023"]
[SourceDate "2023.11.15"]
[SourceVersion "1"]
[SourceVersionDate "2023.11.15"]
[SourceQuality "1"]

1. d4 e6 2. Nf3 d5 3. Bf4 c5 4. c3 Nc6 5. e3 Nf6 6. Nbd2 cxd4 7. exd4 Be7 8. Bd3 Bd7 9. 0-0 Rc8 10. a3 0-0 11. Qc2 h6 12. h3 a6 13. Rac1 b5 14. Qb1 Na5 15. Ne5 Nc4 16. Bxc4 bxc4 17. Rfe1 Ba4 18. g4 Nh7 19. Ndf3 Ng5 20. Nxg5 Bxg5 21. Bxg5 Qxg5 22. Nf3 Qf4 23. Kg2 f5 24. gxf5 Rxf5 25. Re3 Rcf8 26. Rf1 R8f6 27. Qe1 Rg6+ 28. Kh1 Rh5 29. Ng1 Bc2 30. Rxe6 Rxh3+ 31. Nxh3 Qf3+ 32. Kh2 Qg2# 0-1

[Event "Beirut op 11th"]
[Site "Beirut"]
[Date "2022.11.19"]
[Round "9"]
[White "Salman, Fatima"]
[Black "Saadeddine, Adam"]
[Result "0-1"]
[WhiteElo "1019"]
[BlackElo "1213"]
[PlyCount "70"]
[EventDate "2022.11.12"]
[EventType "swiss"]
[EventRounds "9"]
[EventCountry "LBN"]
[SourceTitle "EXT 2024"]
[Source "ChessBase"]
[SourceDate "2023.10.10"]
[SourceVersion "1"]
[SourceVersionDate "2023.10.10"]
[SourceQuality "1"]

1. e4 e6 2. d4 d5 3. e5 c5 4. Nf3 Nc6 5. c3 cxd4 6. cxd4 Nge7 7. Nc3 Nf5 8. Bb5 Qb6 9. 0-0 Bb4 10. Bxc6+ bxc6 11. Na4 Qc7 12. a3 Ba5 13. Nc5 Bb6 14. Qc2 0-0 15. Bf4 Bxc5 16. Qxc5 Qb6 17. Qxb6 axb6 18. b4 Ba6 19. Rfc1 Be2 20. Rxc6 Bxf3 21. gxf3 Nxd4 22. Rxb6 Ne2+ 23. Kf1 Nxf4 24. a4 Nd3 25. a5 Nxe5 26. a6 Nc4 27. Rb7 h6 28. Ke2 Rfd8 29. Kd3 Rac8 30. b5 Kf8 31. b6 Rc6 32. Rxf7+ Kxf7 33. b7 Nb6 34. a7 Rcc8 35. bxc8Q Rxc8 0-1

[Event "Beirut op 11th"]
[Site "Beirut"]
[Date "2022.11.15"]
[Round "5"]
[White "Kassar, Paul"]
[Black "Saadeddine, Adam"]
[Result "1/2-1/2"]
[WhiteElo "1464"]
[BlackElo "1213"]
[PlyCount "61"]
[EventDate "2022.11.12"]
[EventType "swiss"]
[EventRounds "9"]
[EventCountry "LBN"]
[SourceTitle "CBM 211 Extra"]
[Source "ChessBase"]
[SourceDate "2023.01.31"]
[SourceVersion "1"]
[SourceVersionDate "2023.01.31"]
[SourceQuality "1"]

1. e4 e6 2. d3 d5 3. Nd2 c5 4. g3 Nf6 5. Bg2 Nc6 6. Ngf3 d4 7. 0-0 e5 8. a4 h6 9. Nc4 Qc7 10. Nh4 Na5 11. b3 Nxc4 12. bxc4 Bd6 13. Nf5 Bxf5 14. exf5 0-0 15. Bd2 Rab8 16. Rb1 b6 17. Qc1 Kh7 18. f4 exf4 19. Bxf4 Bxf4 20. Qxf4 Qxf4 21. Rxf4 Rfe8 22. Kf2 Re3 23. Re1 Rxe1 24. Kxe1 Re8+ 25. Kf2 Re7 26. h3 Nd7 27. Bd5 Nf6 28. Bg2 Kg8 29. g4 Re3 30. Rf3 Re5 31. Rf4 1/2-1/2

[Event "Francophonie-chT Rapid"]
[Site "Tornelo INT"]
[Date "2022.06.05"]
[Round "11.10"]
[White "Bongo Ngombele, Tary"]
[Black "Saadeddine, Adam"]
[Result "1-0"]
[WhiteElo "1688"]
[BlackElo "1075"]
[PlyCount "93"]
[EventDate "2022.06.04"]
[EventType "team-swiss (rapid)"]
[EventRounds "11"]
[EventCountry "FRA"]
[SourceTitle "CBM 208 Extra"]
[Source "ChessBase"]
[SourceDate "2022.07.31"]
[SourceVersion "1"]
[SourceVersionDate "2022.07.31"]
[SourceQuality "1"]
[WhiteTeam "Gabun"]
[BlackTeam "Lebanon II"]
[WhiteTeamCountry "GAB"]
[BlackTeamCountry "LBN"]

1. e4 e6 2. d4 d5 3. exd5 exd5 4. Nf3 c5 5. dxc5 Nc6 6. Be3 Qa5+ 7. Qd2 Qxd2+ 8. Nbxd2 Nf6 9. Nb3 Bf5 10. c3 Be7 11. Nbd4 Bg6 12. Bb5 0-0 13. Bxc6 bxc6 14. Nxc6 Rfe8 15. Nxe7+ Rxe7 16. 0-0 Rb8 17. b3 Rc7 18. Bf4 Rcb7 19. Bxb8 Rxb8 20. Rfe1 h6 21. c6 Rc8 22. Nd4 Ne4 23. Rac1 f6 24. f3 Ng5 25. Re7 Nf7 26. Rxa7 Ne5 27. c7 Kf7 28. Nb5 Ke7 29. Rd1 Bf7 30. Rb7 Kd7 31. c4 Nc6 32. cxd5 Na5 33. Rb8 Bg6 34. d6 Bf5 35. g4 Be6 36. Na7 Re8 37. c8Q+ Rxc8 38. Rxc8 Nb7 39. Rc7+ Kd8 40. Rxb7 Ke8 41. Re7+ Kd8 42. Rxe6 Kd7 43. Re7+ Kd8 44. Nc6+ Kc8 45. d7+ Kb7 46. Nb4 Ka7 47. d8Q# 1-0

[Event "Francophonie-chT Rapid"]
[Site "Tornelo INT"]
[Date "2022.06.05"]
[Round "9.9"]
[White "Mawutor, Richardson"]
[Black "Saadeddine, Adam"]
[Result "0-1"]
[WhiteElo "1421"]
[BlackElo "1075"]
[PlyCount "50"]
[EventDate "2022.06.04"]
[EventType "team-swiss (rapid)"]
[EventRounds "11"]
[EventCountry "FRA"]
[SourceTitle "CBM 208 Extra"]
[Source "ChessBase"]
[SourceDate "2022.07.31"]
[SourceVersion "1"]
[SourceVersionDate "2022.07.31"]
[SourceQuality "1"]
[WhiteTeam "Ghana"]
[BlackTeam "Lebanon II"]
[WhiteTeamCountry "GHA"]
[BlackTeamCountry "LBN"]

1. e4 e6 2. d4 d5 3. exd5 exd5 4. Nf3 c5 5. c3 Nc6 6. Be2 cxd4 7. cxd4 Nf6 8. Bg5 Be7 9. Nc3 0-0 10. 0-0 Be6 11. Qc2 h6 12. Bh4 Rc8 13. Qd2 Ne4 14. Nxe4 dxe4 15. Bxe7 Qxe7 16. Ne5 Nxe5 17. dxe5 Rfd8 18. Qf4 Qb4 19. b3 Rd4 20. Rfd1 Rcd8 21. Rxd4 Rxd4 22. Bg4 e3 23. Qxe3 Rxg4 24. Qxa7 Bd5 25. g3 Qe4 0-1

[Event "Francophonie-chT Rapid"]
[Site "Tornelo INT"]
[Date "2022.06.04"]
[Round "1.5"]
[White "Saadeddine, Adam"]
[Black "Fawaz, Nadia"]
[Result "0-1"]
[WhiteElo "1075"]
[BlackElo "1214"]
[PlyCount "68"]
[EventDate "2022.06.04"]
[EventType "team-swiss (rapid)"]
[EventRounds "11"]
[EventCountry "FRA"]
[SourceTitle "CBM 208 Extra"]
[Source "ChessBase"]
[SourceDate "2022.07.31"]
[SourceVersion "1"]
[SourceVersionDate "2022.07.31"]
[SourceQuality "1"]
[WhiteTeam "Lebanon II"]
[BlackTeam "Lebanon"]
[WhiteTeamCountry "LBN"]
[BlackTeamCountry "LBN"]

1. e4 e5 2. Nf3 Nc6 3. d4 exd4 4. Nxd4 Bc5 5. Nxc6 bxc6 6. Nc3 Nf6 7. Bc4 0-0 8. 0-0 Bb7 9. Bg5 h6 10. Bxf6 Qxf6 11. Qxd7 Bd6 12. Qg4 Be5 13. Na4 Bc8 14. Qf3 Qh4 15. g3 Qg5 16. Nc3 Bg4 17. Qg2 Qh5 18. f3 Bh3 19. Qf2 Bxf1 20. Rxf1 Rad8 21. Kg2 Bd4 22. Qe2 Bb6 23. Rd1 Rxd1 24. Qxd1 Qc5 25. Qf1 Rd8 26. Bd3 h5 27. Ne2 Rd6 28. Nf4 Rf6 29. a3 h4 30. Ne2 hxg3 31. Nxg3 Rh6 32. b4 Qe3 33. c4 c5 34. b5 c6 0-1